书目信息 |
| 题名: |
同等学力人员申请硕士学位英语水平全国统考--改错·汉译英·写作准备
|
|
| 作者: | 李景雨 编 | |
| 分册: | ||
| 出版信息: | 天津 天津大学出版社 2002.03 |
|
| 页数: | 207页 | |
| 开本: | ||
| 丛书名: | ||
| 单 册: | ||
| 中图分类: | H31 | |
| 科图分类: | ||
| 主题词: | 英语 | |
| 电子资源: | ||
| ISBN: | 7-5618-1568-9 | |
| 000 | 00668nam0 2200193 45 | |
| 001 | 0465508837 | |
| 005 | 2004051018114804 | |
| 010 | @a7-5618-1568-9@dCNY 18.00 | |
| 100 | @a20040510d2002 km y0chiy0120 ea | |
| 101 | 0 | @achi |
| 102 | @aCN@b120000 | |
| 200 | 1 | @a同等学力人员申请硕士学位英语水平全国统考--改错·汉译英·写作准备@ATong Deng Xue Li Ren Yuan Shen Qing Shuo Shi Xue Wei Ying Yu Shui Ping Quan Guo Tong Kao--Gai Cuo·Han Yi Ying·Xie Zuo Zhun Bei@f李景雨编@FLi Jing Yu Bian |
| 210 | @a天津@c天津大学出版社@d2002.03 | |
| 215 | @a207页 | |
| 606 | 0 | @a英语 |
| 690 | @aH31@v3 | |
| 701 | 0 | @a李景雨@ALi Jing Yu@4编 |
| 801 | 0 | @aCN@bPFT@c20040510 |
| 905 | @dH31@eL188 | |
| 同等学力人员申请硕士学位英语水平全国统考--改错·汉译英·写作准备/李景雨编.-天津:天津大学出版社,2002.03 |
| 207页 |
| ISBN 7-5618-1568-9:CNY 18.00 |
| ● |
| 相关链接 |
|
|
|
正题名:同等学力人员申请硕士学位英语水平全国统考
索取号:H31/L188
 
预约/预借
| 序号 | 登录号 | 条形码 | 馆藏地/架位号 | 状态 | 备注 |
| 1 | 392809 | 203928090 | 语言库209/209语言库 83排3列2层/ [索取号:H31/L188] | 在馆 | |
| 2 | 392810 | 203928107 | 语言库209/209语言库 83排3列2层/ [索取号:H31/L188] | 在馆 | |
| 3 | 392811 | 203928116 | 语言库209/ [索取号:H31/L188] | 在馆 |